Crenoterapia respiratoria. (Registro nro. 132)

Detalles MARC
000 -LEADER
fixed length control field 00880 am a2200253 a 4500
005 - FECHA ULTIMA MODIFICACION
control field 20240229110755.0
008 - CAMPO DE CONTROL (LIBRO)
fixed length control field 100316s2009||||ag a f |||| 000 0 spa d
020 ## - INTERNATIONAL STANDARD BOOK NUMBER
ISBN 9789870569510
041 ## - CODIGO DE IDIOMA
Código de idioma del texto/pista de sonido o título separado spa
092 ## - SIGNATURA TOPOGRAFICA DEWEY LOCAL
número de clasificación 615.8
sección 98
libristica ZIN
100 1# - ENTRADA PRINCIPAL--NOMBRE PERSONAL
Nombre personal Zingoni, Emilio F.
9 (RLIN) 486
245 ## - TITULO PROPIAMENTE DICHO
Título Crenoterapia respiratoria.
Subtítulo y Título paralelo Termas de Copahue /
Mención de responsabilidad y remanente de la transcripción de la portada Emilio F. Zingoni.
250 ## - MENCION DE EDICION
Mención de edición 1a ed.
260 ## - PIE DE IMPRENTA
Lugar de publicación, distribución, etc Neuquén [Patagonia Argentina]:
Nombre de la editorial, distribuidor, etc Ediciones Patagónicas;
Fecha de publicación 2009.
300 ## - DESCRIPCION FISICA
Extension 195 p.
Otros detalles físicos il.
500 ## - NOTA GENERAL
Nota general Zingoni, E. F. (2009). Crenoterapia respiratoria. Termas de Copahue. (1a ed.). Neuquén (Argentina) : Ediciones Patagónicas.
653 ## - TÉRMINO INDIZADO - PALABRAS CLAVES
Palabra clave Crenoterapia en O.R.L.
653 ## - TÉRMINO INDIZADO - PALABRAS CLAVES
Palabra clave Crenoterapia en O.R.L. azufre
653 ## - TÉRMINO INDIZADO - PALABRAS CLAVES
Palabra clave Fisiología de la mucosa respiratoria
653 ## - TÉRMINO INDIZADO - PALABRAS CLAVES
Palabra clave Trabajos en crenoterapia
653 ## - TÉRMINO INDIZADO - PALABRAS CLAVES
Palabra clave Copahue. Manejo de termas
930 ## - NUMERO DE INVENTARIO
Número de inventario 2006
942 ## - ADDED ENTRY ELEMENTS (KOHA)
Source of classification or shelving scheme Dewey Decimal Classification
Item type Libros
Existencias
Estado de retiro Existencia Fuente de clasificación Estado general No para prestamo Ubicación permanente ubicación actual Sala de ubicación Fecha de adquisición Total Checkouts Número de clasificación Código de barras Date last seen Número de ejemplar Price effective from Koha tipo de elemento (item) Public note Coded location qualifier
    Dewey Decimal Classification     Biblioteca Medicina Biblioteca Medicina Circulación 13/05/2011   615.8 ZIN 2006 06/11/2014 ej.1 13/05/2011 Libros Hemeroteca 2022  

UNIVERSIDAD NACIONAL DEL COMAHUE
Biblioteca de la Facultad de Ciencias Médicas
Sede Toschi: Los Arrayanes y Av. Toschi, Cipolletti  - Rio Negro
Sede Los Tordos:  Yrigoyen al 2211, Cipolletti - Rio Negro 

Teléfono: 0299 - 4774707 int 25
Contacto: biblioteca@facimed.uncoma.edu.ar
© 2011 - 2026